02033naa a2200217 a 450000100080000000500110000800800410001910000180006024500450007826000090012330000100013249000310014252013980017365300210157165300220159265300300161465300140164465300280165870000170168677301120170311275972018-08-10 2017 bl uuuu u00u1 u #d1 aBLAINSKI, ??. aAgrometeorologia.h[electronic resource] c2017 a26 p. a(Epagri. Documentos, 282). aA primavera de 2016 foi marcada pela irregularidade das chuvas, fato observado pela oscila????o entre defici??ncia e excesso h??drico. Maiores defici??ncias h??dricas foram observadas em Florian??polis e Imbituba. S??o Miguel do Oeste e Chapec?? apresentaram defici??ncia h??drica no ??ltimo dec??ndio do per??odo, enquanto as demais esta????es selecionadas apresentaram excesso do final do trimestre. De maneira geral, em todas as localidades monitoradas apresentaram um acumulado de Graus Dia dentro da normalidade, quando comparados aos recordes hist??ricos. As temperaturas m??dias di??rias variaram de 14 a 24??C no Estado. Nesse per??odo, as temperaturas ficaram pr??ximas a normalidade, com anomalias entre -0,5 e 0,5??C. Apesar das temperaturas m??dias amenas, o per??odo foi caracterizado por ampla varia????o, em alguns casos como: Urupema, Monte Carlo, Schroeder e Santo Amaro da Imperatriz, a amplitude t??rmica no per??odo foi superior a 30??C. As condi????es meteorol??gicas foram favor??veis para o desenvolvimento das hortali??as e pastagens nas principais regi??es produtoras de Santa Catarina. No caso da bananicultura, o aumento das temperaturas em rela????o ao trimestre anterior foi favor??vel para a emiss??o de folhas novas e para o desenvolvimento e matura????o de frutos. N??o foram registradas geadas e nem temperaturas baixas capazes de trazer preju??zos aos frutos. aagrometeorologia aBalan??o h??drico afavorabilidade clim??tica agraus dia aocorr??ncia de doen??as1 aRICCE, W. S. tIn: Epagri. Boletim Ambiental: S??ntese Trimestral - Primavera 2017. Florian??polis: Epagri, 2017. p. 55-74